Cry for freedom : to save the world from the scourge of crack and other street drugs (Record no. 168421)

MARC details
000 -LEADER
fixed length control field 00347nam a2200097Ia 4500
082 ## - DEWEY DECIMAL CLASSIFICATION NUMBER
Classification number VC 362.29083 CRYF
008 - FIXED-LENGTH DATA ELEMENTS--GENERAL INFORMATION
fixed length control field 210817s9999 xx 000 0 und d
100 ## - MAIN ENTRY--PERSONAL NAME
Personal name Gospel Films, Michigan Wellington [South Africa], 20
9 (RLIN) 52986
245 #0 - TITLE STATEMENT
Title Cry for freedom : to save the world from the scourge of crack and other street drugs
942 ## - ADDED ENTRY ELEMENTS
item type Books
Holdings
Withdrawn status Lost status Damaged status Not for loan Home library Current library Date acquired Cost, normal purchase price Total Checkouts Barcode Date last seen Price effective from item type
        Balfour Balfour 18.08.2021 533.00   33228014559841 18.08.2021 18.08.2021 Books